040_ Personnalités nées un 9 février par images - Statistiques

Statistiques générales
  • Ce quiz a été pris 37 fois
  • Le résultat moyen est 2 sur 9
Statistiques - réponses
Par images Hint Réponse % Correct
Acteur Michael B. Jordan
56%
Chanteuse Marina Kaye
53%
Chanteur Gérard Lenorman
44%
Actrice Lolo Ferrari
22%
Dirigeant Politique Ali Bongo
3%
Acteur David Gallagher
3%
Actrice Rose Leslie
3%
Acteur Matty Cardarople
0%
Dirigeant Politique William Henry Harrison
0%
Aucun quiz correspondant
Distribution des résultats
% des personnes avec chaque résultat
Percentile par nombre de réponses
Votre historique - résultats
Vous n’avez pas pris ce quiz